000 05271nam a2200313 i 4500
001 18400
003 DO-SdUEMH
005 20260307165905.0
007 ta
008 260307s2012 sp a|||gr|||| 001 0 spa d
020 _a9788495626912
020 _a9788493133016 (obra completa)
040 _aDO-SdUEMH
_bspa
_erda
041 _aspa
082 0 4 _mCG
_bB456f
245 _aFundamentos de enfermería /
_cMa Amparo Benavent Garcés, Esperanza Ferrer Ferrandis, Cristina Francisco del Rey ; colaboradores: Ramón Camaño Puig ; ilustración: David Menéndez González
264 1 _aBarcelona, España :
_bDifusión Avances de Enfermería,
_c2012
300 _a420 páginas :
_bilustraciones ;
_c27 cm.
336 _2rdacontent
_atexto
_btxt
337 _2rdamedia
_asin mediación
_bn
338 _2rdacarrier
_avolumen
_bnc
490 0 _aEnfermería S21
504 _aBibliografía al final de cada capítulo. Contiene índice analítico.
505 0 _aI. LA ENFERMERÍA COMO PROFESIÓN -- Configuración y evolución de la enfermería -- La enfermería como ocupación específica -- La acción de enfermería -- La gestión de los cuidados -- La práctica enfermera -- Institucionalización de la enfermería como profesión -- Los corrientes de pensamiento y el conocimiento de enfermería -- El desarrollo de la enfermería como profesión en el espacio iberoamericano -- El lenguaje de los cuidados -- Introducción -- El término cuidados desde una perspectiva semántica -- El concepto de cuidados como campo de conocimiento enfermero -- Los cuidados como núcleo de la profesión enfermera -- Introducción -- Tipos de cuidados -- Los cuidados de la persona -- Los cuidados de la salud comunitaria -- Los cuidados enfermeros -- Las dimensiones de los cuidados enfermeros -- II. CIENCIA Y ÉTICA DEL CUIDADO ENFERMERO -- Desarrollo histórico del conocimiento y del método científico -- Introducción -- El conocimiento enfermero y sus raíces -- El conocimiento y el método científico -- La filosofía y el método científico -- La investigación científica -- La investigación cualitativa -- La investigación en enfermería -- La acción de cuidar: una forma de comportamiento práctico deliberado -- Introducción -- Los modelos de acción y comportamientos de cuidado -- Ética y cuidados enfermeros -- Responsabilidad profesional desde la ética del cuidado. III. MODELOS DE CUIDADOS -- Los modelos de cuidados -- Introducción -- Evolución histórica -- Componentes del modelo de cuidados -- Corrientes del pensamiento enfermero: modelos y teorías (1859–1969) -- Introducción -- Modelo de Florence Nightingale (1859) -- Modelo de Hildegard E. Peplau (1952) -- Modelo de Virginia Henderson (1955) -- Modelo de Faye Glenn Abdellah (1960) -- Modelo de Ida Jean Orlando (1961) -- Modelo de Ernestine Wiedenbach (1964) -- Modelo de Myra Levine (1967) -- Modelo de Joyce Travelbee (1966) -- Modelo de Lydia Hall (1969) -- Modelo de Evelyne Adam (1970) -- Modelo de Marjory Gordon (1970) -- Corrientes del pensamiento enfermero II (1970–actualidad) -- Modelo de Callista Roy (1970) -- Modelo de Betty Neuman (1970) -- Modelo de Dorothy Johnson (1980) -- Modelo de Rosemarie Rizzo Parse -- Modelo de Imogene King (1981) -- Modelo de Moyra Allen -- Modelo de Madeleine Leininger -- Modelo de Afaf Meleis -- Modelos de Cheryl Tatano Beck -- Modelos colaborativos enfermera‑usuario -- Desarrollo del pensamiento enfermero en España. IV. METODOLOGÍA PARA EL CUIDADO ENFERMERO -- El proceso de cuidar y su instrumento metodológico -- Introducción -- El proceso de cuidar -- El instrumento metodológico y su relación con el proceso de cuidar -- Metodología, inferencia y partes del instrumento metodológico -- La integración del instrumento para el proceso de cuidar y el desarrollo disciplinar -- Juicio diagnóstico: valoración y diagnóstico -- Introducción -- Etapa de valoración -- Juicio diagnóstico -- Juicio y acción terapéutica: planificación, ejecución y evaluación -- Introducción -- Etapa de planificación -- Acción terapéutica: etapa de ejecución -- Etapa de evaluación -- Descripción y análisis de las clasificaciones NANDA, NOC y NIC -- Introducción -- Taxonomía NANDA -- Clasificación NOC -- Clasificación NIC -- Reacciones ante los diagnósticos -- Complejidad y pragmatismo: el uso de las taxonomías -- Introducción -- Complejidad y praxis -- Importancia del proceso de cuidados -- Cuidados complejos -- Modelos conceptuales y pragmatismo -- Gestión del cuidado -- Cronicidad -- Características de la práctica de la enfermería. V. MODELOS TEÓRICOS PARA LA PRÁCTICA -- Modelo de Dorothea E. Orem -- Introducción -- Reseña biográfica -- Antecedentes del modelo -- Conceptos del modelo -- Reglas de inferencia, supuestos y postulados -- Utilidad del modelo -- Análisis del modelo -- Aplicación al déficit de autocuidado -- Aplicación del modelo en la práctica -- Modelo de Jean Watson -- Introducción -- Reseña biográfica -- Antecedentes del modelo -- Metaparadigma -- Supuestos y proposiciones -- Aplicabilidad del modelo.
650 7 _aEnfermería
_982
650 4 _aEnfermería como profesión
_92759
700 1 _aMenéndez González, David
_9234
_eill
942 _2ddc
_cBK
_n0
999 _c18400
_d18400